00899 a2200181 45000010006000000050017000060080041000230030015000640400040000790800083001192450045002022500012002472640090002593000019003495050311003680410008006791000030006876393620260521160826.0260521a1984 arg spa dAR-UNSa-BCEJYS aAR-UNSa-BCEJYSbspacAR-UNSa-BCEJYS a658.15xAdministración financiera privada. Gestión financiera de empresas 10aCuadernos de administración financiera a2a. ed. 1aSanta Fe :bUniversidad Nacional del Litoral. Facultad de Ciencias Económicasc1984 a181 p.c29 cm. aVol. I: 1. La función Financiera - 2. El contexto - 3. El capital de trabajo - 4. El manejo de las disponibilidades - 5. La cartera de créditos - 6. Administración de inventarios - 7. Financiación a corto plazo - 8. Planeamiento a corto plazo - 9. Planeamiento a largo plazo y su financiación -  aspa1 aCandioti, Eduardo María